Chemical engineering in practice : design, simulation and implementation /

Bibliographic Details
Main Author: Edwards, John E. (Process simulation engineer) (Author)
Corporate Author: Knovel (Firm)
Format: eBook
Language:English
Published: Thornaby : P&I Design Ltd, 2017.
Edition:Third edition.
Subjects:
Online Access:Connect to the full text of this electronic book

MARC

Tag First Indicator Second Indicator Subfields
LEADER 00000cam a2200000 i 4500
001 in00004640913
006 m o d
007 cr bn|||||||||
008 220405s2017 enka ob 000 0 eng d
005 20230110224643.3
035 |a (OCoLC)on1309004051 
040 |a HUA  |b eng  |e rda  |c HUA  |d OCLCO  |d OCLCF  |d SFB 
020 |a 9781523141999  |q (electronic book) 
020 |a 1523141999  |q (electronic book) 
020 |z 9780956816962  |q (print) 
035 |a (OCoLC)1309004051 
050 4 |a TP155  |b .E393 2017 
082 0 4 |a 660  |2 23 
049 |a TXAM 
100 1 |a Edwards, John E.  |c (Process simulation engineer),  |e author. 
245 1 0 |a Chemical engineering in practice :  |b design, simulation and implementation /  |c John E. Edwards. 
250 |a Third edition. 
264 1 |a Thornaby :  |b P&I Design Ltd,  |c 2017. 
300 |a 1 online resource (766 pages) :  |b illustrations (some color) 
336 |a text  |b txt  |2 rdacontent 
337 |a computer  |b c  |2 rdamedia 
338 |a online resource  |b cr  |2 rdacarrier 
504 |a Includes bibliographical references. 
650 0 |a Chemical engineering. 
650 2 |a Chemical Engineering 
650 6 |a Génie chimique. 
650 7 |a chemical engineering.  |2 aat 
650 7 |a Chemical engineering.  |2 fast  |0 (OCoLC)fst00852893 
655 7 |a Electronic books.  |2 local 
710 2 |a Knovel (Firm) 
776 0 8 |i Print version:  |a Edwards, John E. (Process simulation engineer).  |t Chemical engineering in practice.  |b Third edition.  |d Thornaby : P&I Design Ltd, 2017  |h 766 pages : illustrations (some color) ; 30 cm  |w (OCoLC)1238007286 
856 4 0 |u http://proxy.library.tamu.edu/login?url=https://app.knovel.com/hotlink/toc/id:kpCEPDSIE1/chemical-engineering-in?kpromoter=marc  |z Connect to the full text of this electronic book  |t 0 
955 |a Knovel ebooks 
994 |a 92  |b TXA 
999 f f |s c2fe2980-4b55-430f-b7a9-ec3eae80abe2  |i c274c157-f56b-4efc-8320-dc716c8dde19  |t 0 
952 f f |a Texas A&M University  |b College Station  |c Electronic Resources  |d Available Online  |t 0  |e TP155 .E393 2017  |h Library of Congress classification 
998 f f |a TP155 .E393 2017  |t 0  |l Available Online